| 000 | 00961nam a22003137a 4500 | ||
|---|---|---|---|
| 003 | CHAP | ||
| 005 | 20220329135648.0 | ||
| 008 | 971013s1991 r 00010 d | ||
| 010 | _a40127 | ||
| 011 | _a41099 | ||
| 035 | _a45225 | ||
| 040 | _cCHAP | ||
| 082 |
_a664.8 _bT6 1991 |
||
| 100 | 0 | 0 |
_aToledo, Romeo T. _9113641 |
| 245 | _aFundamentals of food process engineering | ||
| 250 | _a2 ed. | ||
| 260 |
_aNew York : _bChapman & Hall, _c1991 |
||
| 300 | _a602 p. | ||
| 590 |
_aBATCH-UPD _b10 _c20130109 _lUCH01 _h2312 |
||
| 590 |
_aBATCH-UPD _b10 _c20130110 _lUCH01 _h1152 |
||
| 590 |
_aBATCH-UPD _b10 _c20130410 _lUCH01 _h0735 |
||
| 590 |
_aBATCH-UPD _b10 _c20130914 _lUCH01 _h0134 |
||
| 590 |
_aCONVERSION _b10 _c20130109 _lUCH01 _h1322 |
||
| 650 | 1 | 4 |
_aAlimentos _xProcesado. _94267 |
| 650 | 1 | 4 |
_aAlimentos _xTecnologĂa. _94284 |
| 901 | _aBK | ||
| 942 | _cLIBRO | ||
| 949 |
_a664.8 T6 1991 _bBC _cLIBRO _d33724002054504 _eLIBRO _gI.179223 _h88224 _i45225 _si _t341.00 |
||
| 999 |
_c40127 _d40127 |
||